[Event "Mecklenburg VP LL2 Ost 1314"]
[Site "Mecklenburg VP"]
[Date "2014.04.06"]
[Round "8.8"]
[White "Pawlick, Hannes"]
[Black "Klotzsche, Stefan"]
[Result "0-1"]
[WhiteElo "1653"]
[BlackElo "1626"]
[PlyCount "40"]
[EventDate "2013.10.27"]
[EventType "team-tourn"]
[EventRounds "9"]
[EventCountry "GER"]
[SourceTitle "EXT 2022"]
[Source "ChessBase"]
[SourceDate "2021.10.06"]
[SourceVersion "1"]
[SourceVersionDate "2021.10.06"]
[SourceQuality "1"]
[WhiteTeam "Bergen Rugia"]
[BlackTeam "Wolgast Motor"]
[WhiteTeamCountry "GER"]
[BlackTeamCountry "GER"]

1. e4 c5 2. Nf3 e6 3. Nc3 a6 4. d4 cxd4 5. Nxd4 Qc7 6. Nf3 Nc6 7. a3 d6 8. g3 Bd7 9. Bg2 Nf6 10. 0-0 Rc8 11. Bf4 Be7 12. Rc1 0-0 13. Re1 e5 14. Bg5 Be6 15. Nd5 Bxd5 16. exd5 Na5 17. Bh3 Rb8 18. Re3 e4 19. Bxf6 Bxf6 20. Nd4 Rfe8 0-1

[Event "Mecklenburg VP LL2 Ost 1112"]
[Site "Mecklenburg VP"]
[Date "2011.11.20"]
[Round "3.7"]
[White "Sack, Reinhard"]
[Black "Pawlick, Hannes"]
[Result "0-1"]
[WhiteElo "1479"]
[BlackElo "1621"]
[PlyCount "130"]
[EventDate "2011.10.02"]
[EventType "team-tourn"]
[EventRounds "9"]
[EventCountry "GER"]
[SourceTitle "EXT 2022"]
[Source "ChessBase"]
[SourceDate "2021.10.06"]
[SourceVersion "1"]
[SourceVersionDate "2021.10.06"]
[SourceQuality "1"]
[WhiteTeam "Warnemuende SF Ostsee II"]
[BlackTeam "Bergen Rugia"]
[WhiteTeamCountry "GER"]
[BlackTeamCountry "GER"]

1. d4 d5 2. c4 e6 3. Nc3 Nf6 4. Nf3 Bb4 5. Bg5 h6 6. Bh4 0-0 7. e3 b6 8. Qd3 Bxc3+ 9. Qxc3 Bb7 10. c5 bxc5 11. Qxc5 Qd6 12. Bxf6 Qxc5 13. dxc5 gxf6 14. b4 Nc6 15. b5 Ne7 16. Be2 a6 17. c6 Bc8 18. 0-0 axb5 19. Bxb5 Ba6 20. a4 Rfb8 21. Nd4 e5 22. Nc2 Bxb5 23. axb5 Rxa1 24. Nxa1 Rxb5 25. Rc1 Rb6 26. f4 Kf8 27. Rd1 Rxc6 28. Kf2 Rc3 29. Rb1 c5 30. g4 d4 31. fxe5 fxe5 32. exd4 cxd4 33. Nb3 Nd5 34. Nc1 f6 35. Rb8+ Kg7 36. Nb3 Rh3 37. Nc5 Rxh2+ 38. Kg3 Rc2 39. Rb7+ Kg8 40. Rb8+ Kf7 41. Rb7+ Ne7 42. Ne4 Ke6 43. Rb5 d3 44. Rb6+ Nc6 45. Rb1 f5 46. gxf5+ Kxf5 47. Nd6+ Ke6 48. Ne4 Kd5 49. Nf6+ Kd4 50. Kf3 Re2 51. Rd1 e4+ 52. Kg3 Ne5 53. Nh5 Re3+ 54. Kg2 Ng6 55. Ng3 Rxg3+ 56. Kxg3 e3 57. Ra1 Ne5 58. Kg2 d2 59. Kf1 h5 60. Ke2 Nc4 61. Rh1 Nb2 62. Rh4+ Kc3 63. Rh1 d1Q+ 64. Rxd1 Nxd1 65. Kxd1 Kd3 0-1

[Event "Mecklenburg VP LL1 0607"]
[Site "Mecklenburg VP"]
[Date "2006.10.29"]
[Round "2.6"]
[White "Pawlick, Hannes"]
[Black "Lehmann, Ruben"]
[Result "1/2-1/2"]
[WhiteElo "1642"]
[BlackElo "1551"]
[PlyCount "83"]
[EventDate "2006.10.15"]
[EventType "team"]
[EventRounds "9"]
[EventCountry "GER"]
[SourceTitle "EXT 2008"]
[Source "ChessBase"]
[SourceDate "2007.11.25"]
[SourceVersion "1"]
[SourceVersionDate "2007.11.25"]
[SourceQuality "1"]
[WhiteTeam "Bergen Rugia"]
[BlackTeam "Wolgast Motor"]
[WhiteTeamCountry "GER"]
[BlackTeamCountry "GER"]

1. e4 c6 2. Nf3 d5 3. exd5 cxd5 4. d4 Bg4 5. h3 Bh5 6. g4 Bg6 7. Ne5 a6 8. Bg2 e6 9. c4 Nf6 10. Qa4+ Nbd7 11. Bg5 Qb6 12. c5 Qb5 13. Qxb5 axb5 14. Bxf6 gxf6 15. Nxd7 Kxd7 16. a3 Bxb1 17. Rxb1 Ra4 18. Rd1 b4 19. Rd3 Bg7 20. Ke2 bxa3 21. bxa3 Rha8 22. Rb1 Kc6 23. Rb6+ Kc7 24. Rdb3 R8a7 25. Kd3 Bh6 26. Bxd5 exd5 27. Rxf6 Rxa3 28. Rxf7+ Kc8 29. Rfxb7 Rxb3+ 30. Rxb3 Ra2 31. Rb6 Bf4 32. Rf6 Rxf2 33. Rf5 h6 34. h4 Bg3 35. Rxd5 Bxh4 36. Rh5 Bg5 37. Rh1 Rg2 38. Ke4 Rxg4+ 39. Kd5 Be3 40. Re1 Bxd4 41. Re4 Rxe4 42. Kxe4 1/2-1/2